Регионална библиотека "Любен Каравелов" - Русе

Педевтология (Запис номер 138502)

MARC детайли
000 -Лидер
Контролно поле с фиксирана дължина 01844nam a2200373 c 4500
003 - Код на организацията, давaща контролен номер
Контролно поле BLK
005 - Дата и час на последна редакция
Контролно поле 20180422112132.0
008 - Елементи от данни с фиксирана дължина
fixed length control field 180409b bul|||||r ||||||| ||bul||
010 ## - Наследен системен номер
LC control number KNG00144493000
020 ## - Международен стандартен номер на книга ISBN
Международен стандартен номер на книга ISBN 978-954-680-738-0
-- издат.: Унив. изд. Неофит Рилски
040 ## - Източник на каталожния запис
Идентификатор на билиотеката - собственик на записа BLK
041 ## - Код за език
Код за езика на текст/звукозапис или на отделно заглавие Български
Код за езика КДБФ Български
072 #7 - Код за тематичната категория
Код организация bullib
Код за тематична категория Н37
Текст Образование. Педагогика Н
080 ## - УДК
Текстов определител УДК Учителско тяло (Колегия) - Педагогически съвети, учителски конференции, видове учители и педагози, непреподавателски персонал (училищни психолози, социолози и др. ). Вж и 378. 12
УДК код - определител по УДК 371.12
УДК определител (075.8)
УДК - код + определител 371.12(075.8)
100 1# - Редна дума - Автор
Автор Тодорина, Добринка Лукова
Авторска отговорност първи автор
R(LIN) 366962
139 ## - Редно поле
Редна дума Тодорина, Добринка Лукова и др.
Авторски знак Тодо - Т 64
245 10 - Сведения за заглавието
Заглавие Педевтология
Редно поле (дума) Добринка Лукова Тодорина; съавт. Красимира Теофилова Марулевска.
257 ## - Страна на издаване
Страна на създаване/издаване България
260 ## - Област на издателските данни
-- Благоевград
Име на издателя, разпространителя и проч. Унив. изд. Неофит Рилски
Година на издаване 2010
300 ## - Физическа характеристика
Страници 289 с.
Размери/Мащаб 24 см
380 ## - Жанр
Жанр Обществени науки
500 ## - Общи забележки
Забележка Библиогр. след отд. гл.
650 #4 - Допълнително описание по предмет – тема
Основно описание – тема или топоним Учители - професионална характеристика
9 (RLIN) 255615
653 ## - Ключова дума – ненормативна
Ключова дума учители
653 ## - Ключова дума – ненормативна
Ключова дума професионална комуникация
653 ## - Ключова дума – ненормативна
Ключова дума професионална квалификация
659 ## - Тематичен бюлетин
Тематичен бюлетин Н
700 1# - Други автори (авторска отговорност)
Лично име Марулевска, Красимира Теофилова
Автороска отговорност (Описва отношението между автора и произведението) съавт.
9 (RLIN) 93808
852 ## - Местоположение
Форматна сигнатура Цб 260227
856 4# - Електронен адрес и достъп
Електронен формат pdf - файл
Път до файла /url/
856 4# - Електронен адрес и достъп
Електронен формат pdf - файл
Път до файла /url/
942 ## - АРТИКУЛИ
Вид на библиотечния материал Книги
Скрит в OPAC Не
944 ## - СЪЗДАВАНЕ И РЕДАКЦИЯ на ЗАПИСА
Създаване/Редакция Създаване
Дата на регистрацията/редакция 26.06.2013
Служител, извършил регистрацията/редакцията Геновева_Генчева
944 ## - СЪЗДАВАНЕ И РЕДАКЦИЯ на ЗАПИСА
Създаване/Редакция Редакция
Дата на регистрацията/редакция 18.11.2013
Служител, извършил регистрацията/редакцията
999 ## - СИСТЕМНИ КОНТРОЛНИ НОМЕРА
Koha biblionumber 138502
Koha biblioitemnumber 138502
Наличности
Код за отписване Код за изгубен артикул Код за повреда Коз за рестрикции Код за отдаване Артикулен № Име на библиотеката - собственик Име на библиотеката, в която се намира в момента Статус (Текущо местоположение) Дата на вписване в системата Местоположение - отдел Цена в лева Инвентарен номер Систематично азбучна сигнатура Баркод Номер на екземпляра Цена в евро Служебна бележка Служебен тип на артикула
  Не е изгубен Не е повреден без рестрикции ползва се в читалня 226399 Регионална библиотека "Любен Каравелов" Русе Регионална библиотека "Любен Каравелов" Русе Хранилище 2013-06-26 Хранилище 16.00 120000767585 Цб 260227 120000767585 1 8.18 Дост: Dp Вид: Д N: 9 Дата: 27.02.2012 Книги
Vip Innovations Ltd, Rousse, Bulgaria 2025